Fuels and fuel technology

Збережено в:
Бібліографічні деталі
Автори: Francis, W (Автор), Peters, M. C (Автор)
Формат: Книга
Мова:Англійська
Опубліковано: Oxford Pergamon 1980
Редагування:2a. ed
Предмети:
Теги: Додати тег
Немає тегів, Будьте першим, хто поставить тег для цього запису!

MARC

LEADER 00000nam a2200000 a 4500
001 UCU7236
003 CL-VaPUC
008 960628e19800000UK |||||||||||||||||eng|d
082 0 4 |a 662.6  |b FRA  |2 21 
100 0 |a Francis, W  |e author  |9 365891 
700 0 |a Peters, M. C  |e author  |9 365892 
245 1 0 |a Fuels and fuel technology 
250 |a 2a. ed 
300 |a 716 p 
942 |c BK 
945 |d 19960628 00:00:00  |a paguirre 
260 |a Oxford  |b Pergamon  |c 1980 
650 0 |a Tecnología química   |9 263002 
650 0 |a Combustibles  |9 271720 
650 7 |a COMBUSTIBLES SOLIDOS  |2 CL-VaPUC  |9 365765 
650 7 |a CARBON  |2 CL-VaPUC  |9 268755 
650 7 |a COMBUSTIBLES LIQUIDOS  |2 CL-VaPUC  |9 361176 
650 7 |a PETROLEO  |2 CL-VaPUC  |9 320865 
650 7 |a SEPARACION QUIMICA  |2 CL-VaPUC  |9 342424 
650 0 |a Destilación  |9 263952 
650 7 |a COMBUSTIBLES GASEOSOS  |2 CL-VaPUC  |9 365567 
650 7 |a ENERGIA SOLAR  |2 CL-VaPUC  |9 365893 
650 0 |a Energía eólica  |9 316611 
650 0 |a Fuentes de energía  |9 263042 
583 |a last modification  |c 19960628 00:00:00  |k Rodrigo Vera 
999 |c 249914  |d 249912 
952 |0 0  |1 0  |4 0  |6 662_600000000000000_FRA_1980  |7 0  |8 A  |9 267478  |a BIBING  |b BIBING  |d 2019-11-19  |i 1699946  |o 662.6 FRA 1980  |p 1699946  |r 2025-01-20  |w 2019-11-19  |y BK  |k EIB